[Event "BL 2122 (Women)"]
[Site "Germany"]
[Date "2022.03.19"]
[Round "5.6"]
[White "Bulmaga, Irina"]
[Black "Kubikova, Hana"]
[Result "1-0"]
[WhiteElo "2397"]
[BlackElo "2067"]
[PlyCount "95"]
[EventDate "2021.11.27"]
[EventType "team-tourn"]
[EventRounds "11"]
[EventCountry "GER"]
[SourceTitle "EXT 2023"]
[Source "ChessBase"]
[SourceDate "2022.10.05"]
[SourceVersion "1"]
[SourceVersionDate "2022.10.05"]
[SourceQuality "1"]
[WhiteTeam "Schwaebisch Hall (W)"]
[BlackTeam "Rodewisch (W)"]
[WhiteTeamCountry "GER"]
[BlackTeamCountry "GER"]

1. e4 c5 2. Nf3 Nf6 3. e5 Nd5 4. Nc3 e6 5. Ne4 f5 6. Nc3 Nc6 7. Bb5 Be7 8. Nxd5 exd5 9. 0-0 0-0 10. c3 d6 11. d4 dxe5 12. Bxc6 bxc6 13. Nxe5 Qb6 14. Re1 Bf6 15. dxc5 Qxc5 16. Nd3 Qc4 17. b3 Qa6 18. Qc2 Bd7 19. Nc5 Qc8 20. Bf4 Re8 21. Qd2 Be7 22. Nd3 Be6 23. Re2 Bf6 24. Rae1 Bf7 25. Rxe8+ Bxe8 26. Be5 Qd8 27. Qf4 Bd7 28. Qd4 Bxe5 29. Rxe5 Qf6 30. Rxd5 Qxd4 31. Rxd4 Be6 32. Rd6 Bd5 33. f3 Kf8 34. Nc5 Rc8 35. c4 Bf7 36. Rd7 a5 37. Kf2 h6 38. f4 Ra8 39. Rc7 a4 40. Nd7+ Ke8 41. Ne5 axb3 42. axb3 Bh5 43. Rxc6 Ra2+ 44. Kg3 Ra3 45. Kh4 Bd1 46. b4 Ra2 47. Rg6 Kf8 48. b5 1-0

[Event "EUR-ch Seniors 50"]
[Site "Prague"]
[Date "2021.08.30"]
[Round "1.2"]
[White "Mrva, Martin"]
[Black "Kubikova, Hana"]
[Result "1-0"]
[WhiteElo "2387"]
[BlackElo "2070"]
[PlyCount "92"]
[EventDate "2021.08.30"]
[EventType "team-tourn"]
[EventRounds "9"]
[EventCountry "CZE"]
[SourceTitle "CBM 204 Extra"]
[Source "ChessBase"]
[SourceDate "2021.11.30"]
[SourceVersion "1"]
[SourceVersionDate "2021.11.30"]
[SourceQuality "1"]
[WhiteTeam "Slovakia 50"]
[BlackTeam "Czech Republic (Women) 50"]
[WhiteTeamCountry "SVK"]
[BlackTeamCountry "CZE"]

1. e4 c5 2. Nf3 Nf6 3. Nc3 Nc6 4. Bb5 Nd4 5. e5 Nxb5 6. Nxb5 Nd5 7. 0-0 a6 8. Nc3 Nxc3 9. dxc3 d5 10. exd6 Qxd6 11. Qxd6 exd6 12. Bf4 Be6 13. Rad1 0-0-0 14. Ng5 Be7 15. Nxe6 fxe6 16. Rfe1 e5 17. Bg3 Rhf8 18. Rd5 h5 19. Re4 g5 20. h3 Rf7 21. f3 Rg8 22. b4 b6 23. Rd1 h4 24. Bh2 Rd8 25. Kf1 Kc7 26. Ke2 Kc6 27. bxc5 bxc5 28. Rb1 Ra8 29. c4 Bd8 30. Bg1 Rb7 31. Rxb7 Kxb7 32. Re3 Kc6 33. Rb3 Be7 34. Kd3 Rf8 35. Be3 Bd8 36. Ke4 a5 37. a4 Be7 38. Rb5 Bd8 39. Bd2 Rf7 40. Rb8 Rd7 41. Bc3 Bc7 42. Rc8 Kb7 43. Rg8 Kc6 44. Rxg5 d5+ 45. cxd5+ Rxd5 46. f4 Rd1 1-0

[Event "Regionalliga Ost 1718 (Women)"]
[Site "Germany"]
[Date "2017.11.19"]
[Round "2.1"]
[White "Kubikova, Hana"]
[Black "Peglau, Mirjam"]
[Result "1-0"]
[WhiteElo "2050"]
[BlackElo "1552"]
[PlyCount "195"]
[EventDate "2017.10.15"]
[EventType "team-tourn"]
[EventRounds "5"]
[EventCountry "GER"]
[SourceTitle "CBM 183 Extra"]
[Source "ChessBase"]
[SourceDate "2018.04.19"]
[SourceVersion "1"]
[SourceVersionDate "2018.04.19"]
[SourceQuality "1"]
[WhiteTeam "Rodewisch (W) II"]
[BlackTeam "Dippoldiswalde Seeblick (W)"]
[WhiteTeamCountry "GER"]
[BlackTeamCountry "GER"]

1. d4 Nf6 2. Nf3 e6 3. Bg5 h6 4. Bh4 c5 5. Bxf6 Qxf6 6. e3 Nc6 7. c3 d5 8. Bb5 a6 9. Bxc6+ bxc6 10. Ne5 cxd4 11. exd4 Bd7 12. 0-0 Bd6 13. Re1 Ra7 14. Nd2 0-0 15. Ndf3 c5 16. Nxd7 Rxd7 17. Qa4 Ra7 18. dxc5 Bxc5 19. Rad1 Rc8 20. h3 Bb6 21. Re2 Raa8 22. Rde1 Qd8 23. Ne5 Bc7 24. Nf3 Qd6 25. Qg4 Qf4 26. Qxf4 Bxf4 27. g3 Bd6 28. Rd1 Rab8 29. Rd4 Rb5 30. Kf1 Rcb8 31. b3 Be7 32. c4 dxc4 33. Rxc4 Rd8 34. Nd4 Rc5 35. Nc6 Rd1+ 36. Re1 Rxe1+ 37. Kxe1 Bd6 38. Rxc5 Bxc5 39. b4 Bd6 40. a3 Kf8 41. Ke2 Ke8 42. Kd3 Kd7 43. Na5 f6 44. g4 g6 45. f3 f5 46. Nb3 fxg4 47. fxg4 Kc6 48. Kc4 h5 49. Nd4+ Kd7 50. Nf3 e5 51. Kd5 e4 52. Kxe4 Ke6 53. Kd4 hxg4 54. hxg4 Be7 55. Kc4 Bf8 56. Kd4 Be7 57. Nd2 Kd6 58. Ne4+ Kc6 59. Kc4 Kb6 60. Nc3 Bf8 61. Nd5+ Kc6 62. Nf4 g5 63. Ne6 Be7 64. Nd4+ Kb6 65. a4 Bf6 66. Ne2 Bd8 67. Nc3 Kc6 68. Ne4 Kb6 69. Nc5 Be7 70. a5+ Ka7 71. Kd5 Bf6 72. Ne6 Bc3 73. Kc5 Bd2 74. Nd8 Be3+ 75. Kd5 Bd2 76. Kd4 Ka8 77. Kc5 Be3+ 78. Kc6 Ka7 79. Kc7 Bf4+ 80. Kc8 Bd2 81. Nc6+ Ka8 82. Kc7 Be3 83. Ne7 Ka7 84. Kc6 Bf2 85. Nc8+ Kb8 86. Ne7 Ka7 87. Nd5 Be1 88. Kd6 Kb7 89. Kc5 Bf2+ 90. Kc4 Be1 91. Nf6 Kc6 92. Ne4 Kb7 93. Nxg5 Bh4 94. Ne6 Be7 95. g5 Bd6 96. g6 Be5 97. g7 Bxg7 98. Nxg7 1-0

[Event "Regionalliga Ost 1718 (Women)"]
[Site "Germany"]
[Date "2017.10.15"]
[Round "1.3"]
[White "Flemming, Peggy"]
[Black "Kubikova, Hana"]
[Result "0-1"]
[WhiteElo "1639"]
[BlackElo "2050"]
[PlyCount "80"]
[EventDate "2017.10.15"]
[EventType "team-tourn"]
[EventRounds "5"]
[EventCountry "GER"]
[SourceTitle "CBM 183 Extra"]
[Source "ChessBase"]
[SourceDate "2018.04.19"]
[SourceVersion "1"]
[SourceVersionDate "2018.04.19"]
[SourceQuality "1"]
[WhiteTeam "Dresden Gruen Weiss (W)"]
[BlackTeam "Rodewisch (W) II"]
[WhiteTeamCountry "GER"]
[BlackTeamCountry "GER"]

1. d4 Nf6 2. c4 g6 3. Nc3 d5 4. e3 Bg7 5. Nf3 0-0 6. cxd5 Nxd5 7. Bc4 c6 8. Qb3 e6 9. a4 Nd7 10. 0-0 N7f6 11. Bd2 Qb6 12. Rad1 Qxb3 13. Bxb3 Re8 14. Rfe1 Bf8 15. e4 Nb4 16. Bg5 Bg7 17. Bxf6 Bxf6 18. e5 Be7 19. Ne4 Rd8 20. h3 b6 21. Nh2 Ba6 22. Ng4 Nd3 23. Re3 Rxd4 24. Ngf6+ Kg7 25. Rf3 c5 26. Rg3 Nxe5 27. Rxd4 cxd4 28. Nh5+ Kf8 29. Nf4 Bh4 30. Rg4 Nxg4 31. hxg4 Be7 32. f3 d3 33. Kf2 Rd8 34. Ke1 Bb4+ 35. Kd1 Ke7 36. Nf2 g5 37. N4h3 h6 38. f4 f6 39. g3 Rd4 40. Ng1 Bb7 0-1